Regions (Fylker) of Norway with a map - Statistics

General Stats
  • This quiz has been taken 1,240 times
  • The average score is 10 of 15
Answers on the Map
Answers color-coded by a green-red scale on the quiz's map according to % correct below.
 
Answer Stats
Answer % Correct
Oslo
96%
Finnmark
80%
Troms
77%
Nordland
75%
Vestland
70%
Innlandet
68%
Trøndelag
66%
Agder
63%
Telemark
62%
Vestfold
58%
Møre og Romsdal
54%
Rogaland
53%
Østfold
51%
Akershus
47%
Buskerud
41%
No matching quizzes found
Score Distribution
Percent of People with Each Score
Percentile by Number Answered
Your Score History
You have not taken this quiz